[Event "SVK GPX U14"]
[Site "Kremnica"]
[Date "2025.06.21"]
[Round "5"]
[White "Kulka, Tomas"]
[Black "Bartelt, Tobias"]
[Result "1/2-1/2"]
[WhiteElo "1651"]
[BlackElo "1673"]
[PlyCount "170"]
[EventDate "2025.06.21"]
[EventType "tourn (rapid)"]
[EventRounds "9"]
[EventCountry "SVK"]
[SourceTitle "CB26_2025"]
[SourceDate "2025.06.25"]
[SourceVersion "1"]
[SourceVersionDate "2025.06.25"]
[SourceQuality "1"]

1. Nf3 f5 2. e3 Nf6 3. b3 g6 4. Bb2 Bg7 5. c4 d6 6. d4 c6 7. Bd3 0-0 8. Nbd2 Nbd7 9. 0-0 Qe8 10. Rc1 e5 11. dxe5 dxe5 12. Bb1 e4 13. Nd4 a6 14. c5 Nd5 15. Nc4 Qe7 16. Nd6 Be5 17. Nxc8 Raxc8 18. Qe2 Qf6 19. Rfd1 Rcd8 20. Rd2 a5 21. Qe1 Ra8 22. a3 Rad8 23. Rdd1 Ra8 24. Ba2 Rfd8 25. Rc2 Kh8 26. Ba1 Nc7 27. Rcd2 Nxc5 28. Nxc6 bxc6 29. Bxe5 Qxe5 30. Rxd8+ Rxd8 31. Rxd8+ Kg7 32. Rd7+ Nxd7 33. h3 Nf6 34. Qc1 Qb5 35. Qc3 Ncd5 36. Qd2 Kf7 37. Qd4 Ke6 38. Qd2 Qc5 39. Qd1 Qc3 40. Qe2 Qa1+ 41. Kh2 Qc3 42. b4 Qd3 43. Qe1 axb4 44. axb4 Qb5 45. Qd2 Kd6 46. Qd4 Qxb4 47. Qa7 Qb6 48. Qa3+ Qc5 49. Qa8 Qb6 50. Qa3+ Kd7 51. Qa8 Qc7+ 52. Kg1 Qb6 53. Qh8 Qc5 54. Bxd5 Nxd5 55. Qxh7+ Qe7 56. Qxg6 Qe6 57. Qh7+ Kd6 58. Qh8 Qf6 59. Qb8+ Nc7 60. Qb4+ Kd5 61. Qb3+ Kd6 62. Qb4+ Kd7 63. Qd2+ Qd6 64. Qa2 Ke7 65. Qb2 Qd1+ 66. Kh2 Qd6+ 67. Kh1 Ke6 68. Qg7 Qe7 69. Qg8+ Qf7 70. Qc8+ Kd6 71. Qd8+ Qd7 72. Qf8+ Kd5 73. Qb4 c5 74. Qd2+ Kc6 75. Qc2 Nb5 76. Qa2 Kb6 77. Qb2 Qd6 78. Qb3 Qf6 79. Qd5 Nc3 80. Qb3+ Nb5 81. Qd5 Nc3 82. Qb3+ Nb5 83. Qd5 Nd6 84. Qb3+ Kc6 85. Qa4+ Kc7 1/2-1/2

[Event "SVK GPX U14"]
[Site "Kremnica"]
[Date "2025.06.21"]
[Round "8"]
[White "Vasilcuk, Oleg"]
[Black "Bartelt, Tobias"]
[Result "0-1"]
[WhiteElo "1687"]
[BlackElo "1673"]
[PlyCount "94"]
[EventDate "2025.06.21"]
[EventType "tourn (rapid)"]
[EventRounds "9"]
[EventCountry "SVK"]
[SourceTitle "CB26_2025"]
[SourceDate "2025.06.25"]
[SourceVersion "1"]
[SourceVersionDate "2025.06.25"]
[SourceQuality "1"]

1. e4 d5 2. exd5 Qxd5 3. Nc3 Qa5 4. d4 c6 5. Nf3 Nf6 6. h3 Bf5 7. Bc4 e6 8. Bd2 Qc7 9. 0-0 Bd6 10. Re1 0-0 11. Bg5 Nbd7 12. Nh4 Bg6 13. Nxg6 hxg6 14. Ne4 Nxe4 15. Rxe4 Nf6 16. Bxf6 gxf6 17. Qf3 Kg7 18. Rae1 Rh8 19. c3 f5 20. R4e2 a5 21. a4 Rab8 22. Bd3 b5 23. axb5 cxb5 24. d5 e5 25. Qe3 e4 26. Bc2 f6 27. Qd2 b4 28. cxb4 Bxb4 29. Qd4 Bxe1 30. d6 Qb6 31. Qxb6 Rxb6 32. Rxe1 Rxd6 33. Ba4 Rb8 34. b3 Rd3 35. Kh2 Kf7 36. Rc1 Ke6 37. Rc6+ Rd6 38. Rc5 Rd5 39. Rc6+ Ke5 40. Kg3 f4+ 41. Kg4 Rh8 42. Rc7 Rh5 43. Re7+ Kd4 44. Kxf4 Rdf5+ 45. Kg3 Rhg5+ 46. Kh2 Rxf2 47. Rd7+ Ke3 0-1

[Event "SVK-ch U14"]
[Site "Tatralandia"]
[Date "2025.05.17"]
[Round "8"]
[White "Bartelt, Tobias"]
[Black "Sablatura, Martin1"]
[Result "1-0"]
[WhiteElo "1824"]
[BlackElo "1000"]
[PlyCount "31"]
[EventDate "2025.05.11"]
[EventType "swiss"]
[EventRounds "9"]
[EventCountry "SVK"]
[SourceTitle "CB21_2025"]
[SourceDate "2025.05.21"]
[SourceVersion "1"]
[SourceVersionDate "2025.05.21"]
[SourceQuality "1"]

1. e4 e5 2. d4 exd4 3. c3 dxc3 4. Nxc3 Nc6 5. Nf3 Bc5 6. Bc4 Nf6 7. e5 Ng4 8. 0-0 0-0 9. Bf4 Re8 10. Bxf7+ Kxf7 11. Qd5+ Re6 12. Ng5+ Ke7 13. Nxe6 dxe6 14. Qxc5+ Ke8 15. h3 b6 16. Qxc6+ 1-0

[Event "SVK-ch U14"]
[Site "Tatralandia"]
[Date "2025.05.15"]
[Round "6"]
[White "Bartelt, Tobias"]
[Black "Vesely, Filip"]
[Result "0-1"]
[WhiteElo "1824"]
[BlackElo "1673"]
[PlyCount "141"]
[EventDate "2025.05.11"]
[EventType "swiss"]
[EventRounds "9"]
[EventCountry "SVK"]
[SourceTitle "CB21_2025"]
[SourceDate "2025.05.21"]
[SourceVersion "1"]
[SourceVersionDate "2025.05.21"]
[SourceQuality "1"]

1. e4 c6 2. c4 d5 3. exd5 cxd5 4. d4 Nf6 5. Nc3 Nc6 6. Be3 e6 7. a3 Be7 8. Nf3 0-0 9. Bd3 dxc4 10. Bxc4 Nd5 11. Nxd5 exd5 12. Bb3 Bg4 13. h3 Bh5 14. g4 Bg6 15. Ne5 Bf6 16. Nxg6 fxg6 17. 0-0 Qd6 18. f4 Rae8 19. Qf3 Rxe3 20. Qxd5+ Qxd5 21. Bxd5+ Kh8 22. Bxc6 bxc6 23. Rad1 Rd8 24. Kf2 Re4 25. Kf3 Rexd4 26. Rxd4 Bxd4 27. b3 h5 28. Rc1 c5 29. b4 cxb4 30. axb4 Bb6 31. Rb1 Rd3+ 32. Kg2 hxg4 33. hxg4 Rd4 34. Kg3 Bc7 35. Ra1 Bxf4+ 36. Kf3 Bb8 37. b5 Rb4 38. Ra5 Kg8 39. Ke3 Kf7 40. g5 Bf4+ 41. Kf3 Bxg5 42. b6 axb6 43. Rxg5 Rd4 44. Rb5 Rd6 45. Ke4 Kf6 46. Rb1 Re6+ 47. Kd4 g5 48. Kd5 Re5+ 49. Kd4 Re6 50. Kd5 g4 51. Rf1+ Ke7 52. Rg1 Rg6 53. Ke5 b5 54. Kf5 Rf6+ 55. Kg5 Kf7 56. Rb1 Rb6 57. Kxg4 b4 58. Rf1+ Kg6 59. Rb1 b3 60. Kf4 b2 61. Ke5 Kf7 62. Kd5 g5 63. Ke5 Kg6 64. Ke4 Rb4+ 65. Ke3 g4 66. Kf2 Rb3 67. Kg2 Kf5 68. Kf2 Kf4 69. Kg2 Ke3 70. Rd1 b1Q 71. Rd3+ 0-1

[Event "SVK-ch U14"]
[Site "Tatralandia"]
[Date "2025.05.13"]
[Round "3"]
[White "Bartelt, Tobias"]
[Black "Matejka, Simon"]
[Result "0-1"]
[WhiteElo "1824"]
[BlackElo "1942"]
[PlyCount "60"]
[EventDate "2025.05.11"]
[EventType "swiss"]
[EventRounds "9"]
[EventCountry "SVK"]
[SourceTitle "CB21_2025"]
[SourceDate "2025.05.21"]
[SourceVersion "1"]
[SourceVersionDate "2025.05.21"]
[SourceQuality "1"]

1. d4 Nf6 2. c4 e6 3. Nf3 d5 4. g3 c5 5. Nc3 cxd4 6. Qxd4 Nc6 7. Qd1 d4 8. Nb1 e5 9. e3 d3 10. e4 Nb4 11. Na3 Nxe4 12. Bg2 d2+ 13. Nxd2 Nd3+ 14. Kf1 Nexf2 15. Qa4+ Bd7 16. Qb3 Nxc1 17. Rxc1 Nxh1 18. Bxh1 Bc6 19. Bxc6+ bxc6 20. Rd1 Qb6 21. Qc3 Qd4 22. Qb3 Bc5 23. Qf3 Rd8 24. Qxc6+ Ke7 25. Qg2 Bxa3 26. bxa3 Rd7 27. Qf2 Qxf2+ 28. Kxf2 Rhd8 29. Ke2 Rd3 30. a4 e4 0-1

[Event "SVK-ch U14"]
[Site "Tatralandia"]
[Date "2025.05.12"]
[Round "2"]
[White "Dibdiak, Peter"]
[Black "Bartelt, Tobias"]
[Result "0-1"]
[WhiteElo "1430"]
[BlackElo "1824"]
[PlyCount "62"]
[EventDate "2025.05.11"]
[EventType "swiss"]
[EventRounds "9"]
[EventCountry "SVK"]
[SourceTitle "CB21_2025"]
[SourceDate "2025.05.21"]
[SourceVersion "1"]
[SourceVersionDate "2025.05.21"]
[SourceQuality "1"]

1. e4 d5 2. Nc3 d4 3. Nb5 a6 4. Na3 e5 5. Bc4 Bxa3 6. Qf3 Qe7 7. bxa3 Nf6 8. d3 h6 9. Qg3 g6 10. Qh4 Ng8 11. Bg5 Qxg5 12. Qxg5 hxg5 13. Nf3 f6 14. 0-0 Nc6 15. Rab1 Nge7 16. Nd2 Na5 17. Bd5 Nxd5 18. exd5 Bf5 19. Nc4 Nxc4 20. dxc4 b6 21. d6 Kd7 22. dxc7 Kxc7 23. Rb2 Rab8 24. Re1 Be6 25. Rb4 a5 26. Ra4 Bd7 27. Rxa5 bxa5 28. Rc1 Rb2 29. c3 dxc3 30. Rxc3 Rb1+ 31. Rc1 Rxc1# 0-1

[Event "SVK-ch U14"]
[Site "Tatralandia"]
[Date "2024.04.11"]
[Round "8"]
[White "Bartelt, Tobias"]
[Black "Murarik, Simon Peter"]
[Result "1-0"]
[WhiteElo "1573"]
[BlackElo "1466"]
[PlyCount "47"]
[EventDate "2024.04.05"]
[EventType "swiss"]
[EventRounds "9"]
[EventCountry "SVK"]
[SourceTitle "CBM 219 Extra"]
[Source "ChessBase"]
[SourceDate "2024.05.31"]
[SourceVersion "1"]
[SourceVersionDate "2024.05.31"]
[SourceQuality "1"]

1. e4 e5 2. Nf3 Nc6 3. Nc3 Bc5 4. Nxe5 Qf6 5. Nf3 d6 6. Nd5 Qd8 7. d4 Bb6 8. Bb5 Bd7 9. 0-0 Nge7 10. Nxb6 axb6 11. c3 0-0 12. Bd3 Bg4 13. h3 Bh5 14. Bf4 Re8 15. Re1 Nc8 16. Bc2 d5 17. e5 f6 18. exf6 Rxe1+ 19. Qxe1 Bxf3 20. Qe6+ Kf8 21. fxg7+ Kxg7 22. Bh6+ Kh8 23. Qf7 Qe7 24. Bg7# 1-0